MARC details
| 000 -LEADER |
| fixed length control field |
02621cim a2200685Ia 4500 |
| 001 - CONTROL NUMBER |
| control field |
746034881 |
| 003 - CONTROL NUMBER IDENTIFIER |
| control field |
OCoLC |
| 005 - DATE AND TIME OF LATEST TRANSACTION |
| control field |
20241220131259.0 |
| 007 - PHYSICAL DESCRIPTION FIXED FIELD--GENERAL INFORMATION |
| fixed length control field |
sd fungnnmmneu |
| 008 - FIXED-LENGTH DATA ELEMENTS--GENERAL INFORMATION |
| fixed length control field |
110809t20112011nyunnn d f n eng d |
| 020 ## - INTERNATIONAL STANDARD BOOK NUMBER |
| International Standard Book Number |
9781427213587 |
| 020 ## - INTERNATIONAL STANDARD BOOK NUMBER |
| International Standard Book Number |
1427213585 |
| 035 ## - SYSTEM CONTROL NUMBER |
| System control number |
(OCoLC)746034881 |
| Canceled/invalid control number |
(OCoLC)707969639 |
| 040 ## - CATALOGING SOURCE |
| Original cataloging agency |
LPU |
| Language of cataloging |
eng |
| Transcribing agency |
LPU |
| Modifying agency |
TEF |
| -- |
BTCTA |
| -- |
IMD |
| -- |
SINLB |
| -- |
OCLCQ |
| -- |
BDX |
| -- |
RECBX |
| -- |
YDXCP |
| -- |
CGP |
| -- |
E3V |
| Description conventions |
rda |
| 043 ## - GEOGRAPHIC AREA CODE |
| Geographic area code |
n-us-ny |
| 050 #4 - LIBRARY OF CONGRESS CALL NUMBER |
| Classification number |
PZ7.Z452 |
| Item number |
All 2011ab |
| 082 04 - DEWEY DECIMAL CLASSIFICATION NUMBER |
| Classification number |
[Fic] |
| Edition number |
23 |
| 092 ## - LOCALLY ASSIGNED DEWEY CALL NUMBER (OCLC) |
| Classification number |
CDB |
| 100 1# - MAIN ENTRY--PERSONAL NAME |
| Personal name |
Zevin, Gabrielle. |
| Relator term |
author |
| 9 (RLIN) |
52601 |
| 245 10 - TITLE STATEMENT |
| Title |
All these things I've done |
| Medium |
[sound recording] / |
| Statement of responsibility, etc |
Gabrielle Zevin. |
| 250 ## - EDITION STATEMENT |
| Edition statement |
Unabridged. |
| 264 #1 - Production, Publication, Distribution, Manufacture, and Copyright Notice. |
| Place of production, publication, distribution, manufacture |
New York : |
| Name of producer, publisher, distributor, manufacturer |
Macmillan Young Listeners, |
| Date of production, publication, distribution, manufacture, or copyr |
[2011] |
| 264 #4 - Production, Publication, Distribution, Manufacture, and Copyright Notice. |
| Date of production, publication, distribution, manufacture, or copyr |
℗2011. |
| 300 ## - PHYSICAL DESCRIPTION |
| Extent |
8 audio discs (10 hr.) : |
| Other physical details |
digital ; |
| Dimensions |
4 3/4 in. |
| 336 ## - Content Type |
| Content type term |
spoken word |
| 337 ## - Media type |
| Media type term |
audio |
| 338 ## - Carrier type |
| Carrier type term |
audio disc |
| 500 ## - GENERAL NOTE |
| General note |
Compact discs. |
| 500 ## - GENERAL NOTE |
| General note |
Duration: 10:00:00. |
| 508 ## - CREATION/PRODUCTION CREDITS NOTE |
| Creation/production credits note |
Produced by Laura Wilson. |
| 511 0# - PARTICIPANT OR PERFORMER NOTE |
| Participant or performer note |
Read by Ilyana Kadushin. |
| 520 ## - SUMMARY, ETC. |
| Summary, etc |
The daughter of a mafia don falls for the son of the D.A. in a Godfather-inspired thriller set in a futuristic New York. |
| 521 8# - TARGET AUDIENCE NOTE |
| Target audience note |
Age 12 and up. |
| 650 #0 - SUBJECT ADDED ENTRY--TOPICAL TERM |
| Topical term or geographic name as entry element |
Mafia |
| Form subdivision |
Fiction. |
| 9 (RLIN) |
5681850 |
| 650 #0 - SUBJECT ADDED ENTRY--TOPICAL TERM |
| Topical term or geographic name as entry element |
Public prosecutors |
| Form subdivision |
Fiction. |
| 9 (RLIN) |
5686748 |
| 650 #0 - SUBJECT ADDED ENTRY--TOPICAL TERM |
| Topical term or geographic name as entry element |
Man-woman relationships |
| Form subdivision |
Fiction. |
| 9 (RLIN) |
5674079 |
| 650 #0 - SUBJECT ADDED ENTRY--TOPICAL TERM |
| Topical term or geographic name as entry element |
Celebrities |
| Form subdivision |
Fiction. |
| 9 (RLIN) |
5694733 |
| 650 #0 - SUBJECT ADDED ENTRY--TOPICAL TERM |
| Topical term or geographic name as entry element |
High schools |
| Form subdivision |
Fiction. |
| 9 (RLIN) |
5675716 |
| 650 #0 - SUBJECT ADDED ENTRY--TOPICAL TERM |
| Topical term or geographic name as entry element |
Schools |
| Form subdivision |
Fiction. |
| 9 (RLIN) |
5673727 |
| 650 #0 - SUBJECT ADDED ENTRY--TOPICAL TERM |
| Topical term or geographic name as entry element |
Families |
| Geographic subdivision |
New York (State) |
| -- |
New York |
| Form subdivision |
Fiction. |
| 9 (RLIN) |
5703285 |
| 650 #0 - SUBJECT ADDED ENTRY--TOPICAL TERM |
| Topical term or geographic name as entry element |
Organized crime |
| Form subdivision |
Juvenile fiction. |
| 9 (RLIN) |
5746548 |
| 650 #0 - SUBJECT ADDED ENTRY--TOPICAL TERM |
| Topical term or geographic name as entry element |
Celebrities |
| Form subdivision |
Juvenile fiction. |
| 9 (RLIN) |
5735125 |
| 650 #0 - SUBJECT ADDED ENTRY--TOPICAL TERM |
| Topical term or geographic name as entry element |
High schools |
| Form subdivision |
Juvenile fiction. |
| 9 (RLIN) |
5675712 |
| 650 #0 - SUBJECT ADDED ENTRY--TOPICAL TERM |
| Topical term or geographic name as entry element |
Schools |
| Form subdivision |
Juvenile fiction. |
| 650 #0 - SUBJECT ADDED ENTRY--TOPICAL TERM |
| Topical term or geographic name as entry element |
Families |
| Geographic subdivision |
New York (State) |
| -- |
New York |
| Form subdivision |
Juvenile fiction. |
| 9 (RLIN) |
5679141 |
| 650 #0 - SUBJECT ADDED ENTRY--TOPICAL TERM |
| Topical term or geographic name as entry element |
Science fiction |
| Form subdivision |
Juvenile literature. |
| 9 (RLIN) |
5724424 |
| 650 #0 - SUBJECT ADDED ENTRY--TOPICAL TERM |
| Topical term or geographic name as entry element |
Audiobooks |
| Form subdivision |
Juvenile literature. |
| 9 (RLIN) |
5698961 |
| 651 #0 - SUBJECT ADDED ENTRY--GEOGRAPHIC NAME |
| Geographic name |
New York (N.Y.) |
| Form subdivision |
Fiction. |
| 9 (RLIN) |
5673704 |
| 651 #0 - SUBJECT ADDED ENTRY--GEOGRAPHIC NAME |
| Geographic name |
New York (N.Y.) |
| Form subdivision |
Juvenile fiction. |
| 9 (RLIN) |
5679146 |
| 655 #7 - INDEX TERM--GENRE/FORM |
| Genre/form data or focus term |
Gangster fiction. |
| Source of term |
lcgft |
| 9 (RLIN) |
6408292 |
| 655 #0 - INDEX TERM--GENRE/FORM |
| Genre/form data or focus term |
Young adult fiction. |
| 655 #7 - INDEX TERM--GENRE/FORM |
| Genre/form data or focus term |
Science fiction. |
| Source of term |
lcgft |
| 655 #7 - INDEX TERM--GENRE/FORM |
| Genre/form data or focus term |
Audiobooks. |
| Source of term |
lcgft |
| 655 #7 - INDEX TERM--GENRE/FORM |
| Genre/form data or focus term |
Sound recordings. |
| Source of term |
lcgft |
| 9 (RLIN) |
5734576 |
| 655 #7 - INDEX TERM--GENRE/FORM |
| Genre/form data or focus term |
Literature. |
| Source of term |
lcgft |
| 9 (RLIN) |
5737092 |
| 700 1# - ADDED ENTRY--PERSONAL NAME |
| Personal name |
Kadushin, Ilyana, |
| Relator term |
narrator. |
| 9 (RLIN) |
73907 |
| 710 2# - ADDED ENTRY--CORPORATE NAME |
| Corporate name or jurisdiction name as entry element |
Macmillan Audio (Firm) |
| 9 (RLIN) |
5694075 |
| 800 1# - SERIES ADDED ENTRY--PERSONAL NAME |
| Personal name |
Zevin, Gabrielle. |
| Title of a work |
Birthright (Audiobook) ; |
| Volume/sequential designation |
1. |
| 9 (RLIN) |
6447803 |
| 942 ## - ADDED ENTRY ELEMENTS (KOHA) |
| Source of classification or shelving scheme |
Dewey Decimal Classification |
| Koha item type |
Audiobook on CD |